MARC

LEADER 00000cam a2200000 a 4500
001 001638
003 UAHC_CL
005 20170803115747.0
008 011218b xx j 000 1 eng
020 |a 8478841857 
040 |a UAHC_CL  |c UAHC_CL  |d UAHC_CL 
100 1 |a Vallaure, Jaime 
245 1 0 |a Juegos de sentido: algunas palabras sobre creatividad. 
260 |b Popular  |c 1997  |a Madrid, España 
300 |a 301 p. 
490 0 |a Tiempo libre  |v 12 
650 4 |a APTITUD CREADORA 
650 4 |a PENSAMIENTO CREATIVO 
700 1 |a Valcácel, Isidoro 
700 1 |a Hita, Carlos de 
700 1 |a Cembranos, Fernando 
700 1 |a Matilla, Luis 
700 1 |a Martínez, Noemí 
700 1 |a Francés, Agustín Martín 
700 1 |a Baena, Fernando 
700 1 |a Flórez-Estrada, Adriana 
700 1 |a Robles, Francisco 
700 1 |a López, José Antonio 
700 1 |a Lamata, Rafael 
700 1 |a Grasa, Carlos 
700 1 |a Baquero, Graciela 
700 1 |a Martínez, Alejandro 
700 1 |a Nava, Miguel A. 
900 |a 153.35 JUE 
942 |c BK 
952 |0 0  |1 0  |4 0  |6 153_350000000000000_JUE  |7 0  |8 General  |9 3749  |a BS  |b BS  |c General  |d 2017-08-03  |l 1  |o 153.35 JUE  |p 1317871  |r 2025-11-26 00:00:00  |s 2023-08-21  |t 1  |w 2017-08-03  |y BK 
952 |0 0  |1 0  |4 0  |6 153_350000000000000_JUE  |7 0  |8 General  |9 3750  |a BS  |b BS  |c General  |d 2017-08-03  |l 3  |m 1  |o 153.35 JUE  |p 1317873  |r 2025-11-26 00:00:00  |s 2023-08-09  |t 2  |w 2017-08-03  |y BK 
999 |c 1638  |d 1638